Country Population Ranking - Statistics

General Stats
  • This quiz has been taken 13 times
  • The average score is 6 of 8
Answer Stats
Question Answer % Correct
Rank these countries by population: Andorra
100%
Rank these countries by population: Ethiopia
100%
Rank these countries by population: United Kingdom
100%
Rank these countries by population: Paraguay
91%
Rank these countries by population: Syria
64%
Rank these countries by population: Kazakhstan
55%
Rank these countries by population: Lithuania
27%
Rank these countries by population: Qatar
27%
No matching quizzes found
Score Distribution
Percent of People with Each Score
Percentile by Number Answered
Your Score History
You have not taken this quiz